Central Library OPAC University of Rajshahi

Analysis of amino acids, proteins and nucleic acids / (Record no. 70228)

MARC details
000 -LEADER
fixed length control field 00825nam a2200265 a 4500
001 - CONTROL NUMBER
control field 70228
003 - CONTROL NUMBER IDENTIFIER
rucl marc code BD-RjUL
005 - DATE AND TIME OF LATEST TRANSACTION
control field 20211209081958.0
008 - FIXED-LENGTH DATA ELEMENTS--GENERAL INFORMATION
fixed length control field 170416s2004 enka 001 0 eng d
020 ## - INTERNATIONAL STANDARD BOOK NUMBER
International Standard Book Number 0750615028 :
035 ## - SYSTEM CONTROL NUMBER
System control number (BD-RjUL)70442
040 ## - CATALOGING SOURCE
Original cataloging agency BD-RjUL
Language of cataloging eng
Transcribing agency BD-RjUL
Modifying agency BD-RjUL
041 ## - LANGUAGE CODE
Language code of text/sound track or separate title eng
082 ## - DEWEY DECIMAL CLASSIFICATION NUMBER
Classification number 572.6
Edition number 23
Author mark and year ANA 2004
245 00 - TITLE STATEMENT
Title Analysis of amino acids, proteins and nucleic acids /
260 ## - PUBLICATION, DISTRIBUTION, ETC. (IMPRINT)
Place of publication, distribution, etc. Oxford :
Name of publisher, distributor, etc. Butterworth-Heinemann,
Date of publication, distribution, etc. 2004.
300 ## - PHYSICAL DESCRIPTION
Pagination xi, 255 p. :
Illustrations ill ;
Size 25 cm.
490 ## - SERIES STATEMENT
Series statement Biotechnology by Open Learning (Series)
500 ## - GENERAL NOTE
General note Includes index
650 #0 - SUBJECT ADDED ENTRY--TOPICAL TERM
Topical term or geographic name as entry element Proteins
9 (RLIN) 207984
710 2# - ADDED ENTRY--CORPORATE NAME
Corporate name or jurisdiction name as entry element Open Universiteit (Heerlen, Netherlands)
9 (RLIN) 207985
Corporate name or jurisdiction name as entry element Thames Polytechnic.
9 (RLIN) 207986
830 #0 - SERIES ADDED ENTRY--UNIFORM TITLE
Uniform title Biotechnology by Open Learning (Series)
942 ## - ADDED ENTRY ELEMENTS (KOHA)
Source of classification or shelving scheme Dewey Decimal Classification
Koha item type Books
Holdings
Lost status Source of classification or shelving scheme Damaged status Not for loan Collection code Permanent Location Current Location Shelving location Date acquired Source of acquisition Cost, normal purchase price Total Checkouts Full call number Date last seen Copy number Koha item type
  Dewey Decimal Classification   Not For Loan Non-fiction Central Library, University of Rajshahi Central Library, University of Rajshahi Reading Room 09/12/2021 Paragon Enterprises, Dhaka 995.00   572.6 ANA 2004 16/04/2017 C-1 Books